Modelovanie úmrtnosti pre penzijné poistenie diplomová práca

Salvato in:
Dettagli Bibliografici
Autore principale: Havrila, Peter
Ente Autore: Fakulta hospodárskej informatiky EU. Katedra matematiky
Altri autori: Bilíková, Mária, 1951-
Natura: Libro
Lingua:slovacco
Pubblicazione: Bratislava 2014
Tags: Aggiungi Tag
Nessun Tag, puoi essere il primo ad aggiungerne!!

MARC

LEADER 00000nbm a2200000 4500
001 0188475
005 20170201103026.7
041 0 |a slo 
044 |a SK 
245 1 0 |a Modelovanie úmrtnosti pre penzijné poistenie  |b diplomová práca  |c Peter Havrila ; školiteľ: Mária Bilíková 
264 1 |a Bratislava  |c 2014 
300 |a 84 s. 
100 1 |a Havrila, Peter 
700 1 |a Bilíková, Mária, 1951- 
710 2 |a Fakulta hospodárskej informatiky EU. Katedra matematiky